01450 2200397 4500001002100000005001500021035002000036007000300056008004100059020002200100082001800122084002000140100002600160245026700186250002500453300003900478650002200517700003200539700003200571700003500603700004100638700004100679700002700720700002700747700003200774504003100806264004100837336002100878337003000899338002300929040002200952090002200974850001200996999002201008990002201030INLIS00000000088212920230926102845 a0010-0923000721ta230926s2023 yoia g 000 | ind d a978-623-473-228-304223a615.32432 a615.32432 GIN p0 aGina AuliaePengarang10aPemanfaatan dan pengolahan lidah buaya (aloe vera) menjadi produk inovasi di bidang kesehatan /cGina Aulia, Rita Dwi Pratiwi, Gita Ayuningtyas, Nurwulan Adi Ismaya, Andriyani Rahmah Fahriati, Fenita Purnama Sari Indah, Nur Hasanah, Ilham Arief, Fadly Putra Jaya aCetakan Agustus 2023 avii, 60 halaman :bgambar ;c21 cm 4aAloe vera--xObat0 aRita Dwi PratiwiePengarang0 aGita AyuningtyasePengarang0 aNurwulan Adi IsmayaePengarang0 aAndriyani Rahmah FahriatiePengarang0 aFenita Purnama Sari IndahePengarang0 aNur HasanahePengarang0 aIlham AriefePengarang0 aFadly Putra JayaePengarang aBibliografi: halaman 53-5731aSleman :bMadani Berkah Abadi,c2023 2rdacontentateks 2rdamediaatanpa perantara 2rdacarrieravolume aYOPDYOGbinderda aCB-D.11 2023-2100 aYOPDYOG aCB-D.11/2023-2100 aCB-D.11/2023-2100